Výchova knihovníkov a knižničnovedný výskum vo Veľkej Británii

Bibliographic Details
Main Author: Hogg, Frank Norry (Author)
Format: Article
Language:Slovak
Subjects:

MARC

LEADER 00000nab a2200000 ar4500
001 vtls010079295
003 SK-MaSNL
005 20260304054848.0
008 100324c1972 xo zr|m|||||||000 b|slo
015 |a SNBRA2010/03  |2 snkbucl 
038 |a SNKBUCL 
040 |a SNKBUCL  |b slo  |c SNKBUCL  |e AACR2 
041 0 |a slo 
044 |a xo  |c SK 
080 |a 02.001.5  |x (73)  |x (08)  |2 1997 
080 |a 061.3  |2 1997 
100 1 |a Hogg, Frank Norry  |4 aut  |9 1340274 
245 1 0 |a Výchova knihovníkov a knižničnovedný výskum vo Veľkej Británii  |c Frank Norry Hogg 
504 |a Bibliogr. odkazy 
650 0 7 |a knihovníctvo  |2 snkbucl  |9 1557 
650 0 7 |a výskumy  |2 snkbucl  |9 322799 
651 7 |a Veľká Británia  |2 snkbucl  |9 20930 
655 7 |a konferencie  |2 snkbucl  |9 285359 
655 7 |a zborníky  |2 snkbucl  |9 70165 
773 0 |t Zborník materiálov z 35. konferencie MZKS-IFLA  |d Martin : Matica slovenská, 1972  |g S. 41-59 
852 |a SNK  |b KIS3GCP 
958 |a KL 
958 |a NB 
999 |c 2721136  |d 2723066